|
|
|
|
| LEADER |
00000cam a2200000 a 4500 |
| 001 |
vtls011583844 |
| 003 |
SK-MaSNL |
| 005 |
20260301180826.0 |
| 008 |
240318s2016 xo oa grf 001 0 slo |
| 015 |
|
|
|a SNBA2017/01
|
| 020 |
|
|
|a 9788055622811
|q (brož.)
|
| 035 |
|
|
|a 1F871E51-4DED-4A0C-AF7C-5811741DAB74
|
| 035 |
|
|
|a urn:nbn:sk:snk-amtirr
|
| 035 |
|
|
|a urn:nbn:sk:snk-am00c3bw
|
| 040 |
|
|
|a SNK
|b slo
|c SNK
|e AACR2
|
| 041 |
1 |
|
|a slo
|h eng
|
| 044 |
|
|
|a xo
|c SK
|
| 072 |
|
7 |
|a 74
|x Kresba. Umelecké remeslá
|2 konspekt
|
| 072 |
|
7 |
|a 688
|x Dekoračné predmety. Hračky. Galantéria
|2 konspekt
|
| 080 |
|
|
|a 746.3
|2 2011
|
| 080 |
|
|
|a (0.062)
|2 2011
|
| 080 |
|
|
|a 746
|2 2011
|
| 080 |
|
|
|a 688
|2 2001
|
| 080 |
|
|
|a 688.78/.79
|2 2011
|
| 080 |
|
|
|a (035)
|2 2011
|
| 100 |
1 |
|
|a Sugashima, Yuki
|4 aut
|9 552580
|
| 240 |
1 |
4 |
|a The Hand-Stitched Flower Garden
|l Slovensky
|
| 245 |
1 |
0 |
|a Vyšívaná kvetinová záhrada
|b viac než 45 kvetinových vzorov na ručné vyšívanie a 20 nápaditých výrobkov
|c Yuki Sugashima ; [z anglického originálu preložila Katarína Škovierová]
|
| 260 |
|
|
|a Bratislava
|b Slovart
|c 2016
|
| 300 |
|
|
|a 128 s.
|b fotogr., ilustr.
|c 23 cm
|
| 500 |
|
|
|a Obsahuje predlohy
|
| 504 |
|
|
|a Register
|
| 650 |
0 |
7 |
|a vyšívanie
|2 SNKPH
|9 3100
|
| 650 |
0 |
7 |
|a ručné práce
|2 SNKPH
|9 3095
|
| 650 |
0 |
7 |
|a Embroidery
|2 SNKPHeng
|9 338700
|
| 650 |
0 |
7 |
|a Handicrafts
|2 SNKPHeng
|9 270743
|
| 650 |
0 |
7 |
|a darčekové predmety
|2 SNKPH
|9 87769
|
| 650 |
0 |
7 |
|a Gifts
|2 SNKPHeng
|9 330744
|
| 650 |
0 |
7 |
|a dekoračné predmety
|2 SNKPH
|9 66825
|
| 650 |
0 |
7 |
|a Decorative articles
|2 SNKPHeng
|9 275917
|
| 655 |
|
7 |
|a populárno-náučné publikácie
|2 SNKPH
|9 70460
|
| 655 |
|
7 |
|a Popular works
|2 SNKPHeng
|9 90287
|
| 655 |
|
7 |
|a Handbooks, manuals, etc.
|2 SNKPHeng
|9 90964
|
| 655 |
|
7 |
|a príručky
|2 SNKPH
|9 74364
|
| 700 |
1 |
|
|a Škovierová, Katarína
|4 trl
|9 211948
|
| 852 |
|
|
|a Štátna vedecká knižnica v Banskej Bystrici
|
| 919 |
|
|
|a 978-80-556-2281-1
|
| 958 |
|
|
|a OP
|
| 968 |
|
|
|b ENG
|
| 999 |
|
|
|c 847751
|d 849681
|
| 952 |
|
|
|a SNK
|b SNK
|y PREZ
|7 0
|p 17A1219302
|o snkSC 172381
|i snk2017/17
|8 0
|0 0
|1 0
|4 0
|d 2017-01-02
|f 1
|l 0
|r 2025-09-10 00:00:00
|w 2026-02-24
|
| 952 |
|
|
|a SNK
|b SNK
|y VYP
|7 0
|p 17A1219303
|o snkSC 172381 D1
|i snk2017/18
|8 0
|0 0
|1 0
|4 0
|d 2017-01-02
|l 0
|r 2026-02-24 04:32:09
|w 2026-02-24
|